000 00496nam a2200145Ia 4500
008 151213s9999 xx 000 0 und d
100 _aরাবেয়া মঈন।
245 _aবৃক্ষবন্ধনা।
_cরাবেয়া মঈন।
260 _aঢাকা
_bমাহফুজুর রহমান মহিন।
_c1989
300 _a8755 p.
650 _aBangla
650 _aউপন্যাস
700 _aরাবেয়া মঈন।
999 _c4540
_d4540